000 00735nam a2200193Ia 4500
003 OSt
005 20241112110851.0
007 ca aa aaaaa
008 201103s9999 xx 000 0 und d
040 _cSSBUL
041 _abur
082 _223
_a၂၉၄.၃၄၄၃၅ ယော
_b၉၂၂၇ S-SAT
245 0 0 _aယောဂီရှုဖွယ် /
_cစုစည်းတင်ပြသူ မောင်မဲ။
260 _aရန်ကုန် ၊
_bပညာ့ဗိမာန်ပုံနှိပ်တိုက်၊
_c၁၉၈၈။
300 _a၁၃၁ စာမျက်နှာ ၊
_c၁၈ စင်တီ။
500 _aS-SAT: Dr. Sai Aung Tun
650 _aဝိပဿနာ
942 _2ddc
_cBK1
999 _c16776
_d16776